<?xml version="1.0" encoding="UTF-8"?><?xml-stylesheet type="text/xsl" href="static/style.xsl"?><OAI-PMH xmlns="http://www.openarchives.org/OAI/2.0/" xmlns:xsi="http://www.w3.org/2001/XMLSchema-instance" xsi:schemaLocation="http://www.openarchives.org/OAI/2.0/ http://www.openarchives.org/OAI/2.0/OAI-PMH.xsd"><responseDate>2026-04-17T04:15:15Z</responseDate><request verb="GetRecord" identifier="oai:www.recercat.cat:2117/106770" metadataPrefix="marc">https://recercat.cat/oai/request</request><GetRecord><record><header><identifier>oai:recercat.cat:2117/106770</identifier><datestamp>2026-01-14T06:30:41Z</datestamp><setSpec>com_2072_1033</setSpec><setSpec>col_2072_452950</setSpec></header><metadata><record xmlns="http://www.loc.gov/MARC21/slim" xmlns:dcterms="http://purl.org/dc/terms/" xmlns:xsi="http://www.w3.org/2001/XMLSchema-instance" xmlns:doc="http://www.lyncode.com/xoai" xsi:schemaLocation="http://www.loc.gov/MARC21/slim http://www.loc.gov/standards/marcxml/schema/MARC21slim.xsd">
   <leader>00925njm 22002777a 4500</leader>
   <datafield ind2=" " ind1=" " tag="042">
      <subfield code="a">dc</subfield>
   </datafield>
   <datafield ind2=" " ind1=" " tag="720">
      <subfield code="a">Riahi, Ebrahim</subfield>
      <subfield code="e">author</subfield>
   </datafield>
   <datafield ind2=" " ind1=" " tag="720">
      <subfield code="a">Allou, Fatima</subfield>
      <subfield code="e">author</subfield>
   </datafield>
   <datafield ind2=" " ind1=" " tag="720">
      <subfield code="a">Botella Nieto, Ramón</subfield>
      <subfield code="e">author</subfield>
   </datafield>
   <datafield ind2=" " ind1=" " tag="720">
      <subfield code="a">Tehrani, Fateh Fakhari</subfield>
      <subfield code="e">author</subfield>
   </datafield>
   <datafield ind2=" " ind1=" " tag="720">
      <subfield code="a">Dubois, Frederic</subfield>
      <subfield code="e">author</subfield>
   </datafield>
   <datafield ind2=" " ind1=" " tag="720">
      <subfield code="a">Absi, Joseph</subfield>
      <subfield code="e">author</subfield>
   </datafield>
   <datafield ind2=" " ind1=" " tag="720">
      <subfield code="a">Petit, Christophe</subfield>
      <subfield code="e">author</subfield>
   </datafield>
   <datafield ind2=" " ind1=" " tag="720">
      <subfield code="a">Pérez Jiménez, Félix Edmundo</subfield>
      <subfield code="e">author</subfield>
   </datafield>
   <datafield ind2=" " ind1=" " tag="260">
      <subfield code="c">2017-05</subfield>
   </datafield>
   <datafield ind2=" " ind1=" " tag="520">
      <subfield code="a">This is an Accepted Manuscript of an article published by Taylor &amp; Francis Group in Road Materials and Pavement Design on 2017, available online at: http://www.tandfonline.com/doi/abs/10.1080/14680629.2017.1305145.</subfield>
   </datafield>
   <datafield ind2=" " ind1=" " tag="520">
      <subfield code="a">Asphalt concrete is a heterogeneous material containing a viscoelastic bituminous matrix and elastic aggregates. When testing asphalt materials under cyclic loading, various phenomena (so-called biasing effects) can decrease the modulus. This effect has been explained by an increase in the temperature of materials due to energy dissipation (self-heating), thixotropy and damage. The aim of this study is to analyse a uniaxial cyclic tension-compression test performed on bitumen and asphalt mixes, in modelling self-heating as one of the biasing effects. To quantify the self-heating and dissipated energy (as a heat source), a heterogeneous thermomechanical approach is introduced by separating the viscoelastic bituminous matrix from the elastic aggregates. According to this approach, various processes such as energy dissipation in the matrix due to viscoelastic properties, the thermal sensitivity of the matrix as well as its capacity to develop a heat source and diffuse heat through aggregates can all be studied. Local temperature variations are calculated by considering the heterogeneous dissipated energy field as a heat source. The complex modulus variation can then be calculated by taking into account both the temperature field and thermal sensitivity of the material. Simulation results show that as opposed to bitumen, in which 100% of complex modulus variations observed during a strain sweep test are due to self-heating, the results on asphalt mixes indicate that thixotropy varies with mechanical properties to a greater extent than self-heating. This fact is probably correlated with a higher strain level in thin bituminous matrix films, a higher load velocity in thin matrix films, material heterogeneity, and the 3D characteristic of matrix loading during the tension-compression test on asphalt mixes.</subfield>
   </datafield>
   <datafield ind2=" " ind1=" " tag="520">
      <subfield code="a">Peer Reviewed</subfield>
   </datafield>
   <datafield ind2=" " ind1=" " tag="520">
      <subfield code="a">Postprint (author's final draft)</subfield>
   </datafield>
   <datafield tag="653" ind2=" " ind1=" ">
      <subfield code="a">Àrees temàtiques de la UPC::Enginyeria civil::Infraestructures i modelització dels transports::Transport per carretera</subfield>
   </datafield>
   <datafield tag="653" ind2=" " ind1=" ">
      <subfield code="a">Asphalt concrete--Testing</subfield>
   </datafield>
   <datafield tag="653" ind2=" " ind1=" ">
      <subfield code="a">heterogeneous simulation</subfield>
   </datafield>
   <datafield tag="653" ind2=" " ind1=" ">
      <subfield code="a">self-heating</subfield>
   </datafield>
   <datafield tag="653" ind2=" " ind1=" ">
      <subfield code="a">dissipated energy</subfield>
   </datafield>
   <datafield tag="653" ind2=" " ind1=" ">
      <subfield code="a">thixotropy</subfield>
   </datafield>
   <datafield tag="653" ind2=" " ind1=" ">
      <subfield code="a">viscoelasticity</subfield>
   </datafield>
   <datafield tag="653" ind2=" " ind1=" ">
      <subfield code="a">Paviments d'asfalt -- Assaigs de materials</subfield>
   </datafield>
   <datafield ind2="0" ind1="0" tag="245">
      <subfield code="a">Modelling self-heating and thixotropy phenomena under the cyclic loading of asphalt</subfield>
   </datafield>
</record></metadata></record></GetRecord></OAI-PMH>